| 000 | 00549cam a22001572a 4500 | ||
|---|---|---|---|
| 001 | 000641 | ||
| 003 | AR-FADEU | ||
| 008 | 311216n########xxu####################dd | ||
| 100 | _aMartinez, Mabel, Ignacio, María Cristina | ||
| 245 | _aConflictos que surgen con las nuevas relaciones laborales | ||
| 260 | _bUniversidad Nacional del Comahue | ||
| 440 | _aTeoría y Práctica de Áreas y Recursos en Servicio Social | ||
| 650 | _aRELACIONES LABORALES; CONFLICTOS; SERVICIO SOCIAL | ||
| 650 | _aMETODOLOGIA-REDACCION DE INFORMES | ||
| 942 | _cFOLLETO | ||
| 999 |
_c1345 _d1345 |
||